| 000 | 01776cam a22002414a 4500 | ||
|---|---|---|---|
| 005 | 20250605164213.0 | ||
| 008 | 250528s ||||||||||||||||||||||||d | ||
| 035 | _a20339 | ||
| 040 |
_aGR-AtMCL _bgre _dGR-AtMCL _eAACR2 |
||
| 245 | 1 | _aΟδηγός Ολοήμερου Νηπιαγωγείου | |
| 250 | _a1η | ||
| 300 | _a182 | ||
| 520 | _aΟλοήμερο Νηπιαγωγείο, Σκοπός του Ολοήμερου Νηπιαγωγείου, Τα πλεονεκτήματα του Ολοήμερου Νηπιαγωγείου, Το Θεσμικό πλαίσιο, Αποτελεσματική συνεργασία των δύο νηπιαγωγών, Γονείς και εκπαιδευτικοί συνεργάτες στην εκπαίδευση των νηπίων στο ολοήμερο νηπιαγωγείο, Ζητήματα και προσκλήσεις, Συστήματα στήριξης της γονεικής συμμετοχής, Δουλεύοντας με τους γονείς, Μετάβαση των νηπίων από το νηπιαγωγείο στο δημοτικό σχολείο, Βιβλιογραφική ανασκόπηση, Βασικές αρχές ενός προγράμματος επιτυχημένης μετάβασης, Παράρτημα, Βιβλιογραφία. | ||
| 700 | 1 |
_aΑλευριάδου Αναστασία _96350 |
|
| 700 | 1 | _aΒρυνιώτη Καλλιόπη Π | |
| 700 | 1 |
_aΚυρίδης Αργύρης _95538 |
|
| 700 | 1 |
_aΣιβροπούλου-Θεοδοσιάδου Ειρήνη _96352 |
|
| 700 | 1 |
_aΧρυσαφίδης Κώστας _96353 |
|
| 942 | _cBK | ||
| 260 | _bΥπουργείο Ενικής Παιδείας Και Θρησκευμάτων | ||
| 999 |
_c5461 _d5461 |
||